Daňové priznania k miestnym daniam

Bibliographic Details
Main Author: Vargová, Mária (Author)
Format: Article
Language:Slovak
PhysicalDescription:Tab.
ISSN:1335-0897
Subjects:

MARC

LEADER 00000nab a2200000 ar4500
001 vtls008997733
003 SK-MaSNL
005 20260303065818.0
008 070611c2007 xo mr|p|||||||000 b|slo
015 |a SNBRB2007/06  |2 snkbucl 
038 |a SNKBUCL 
040 |a SNKBUCL  |b slo  |c SNKBUCL  |e AACR2 
041 |a slo 
044 |a xo  |c SK 
080 |a 336.226.4:352  |2 1997 
080 |a 336.226.11:336.225.611  |2 1997 
080 |a 336.225.611  |2 1997 
100 1 |a Vargová, Mária  |4 aut  |9 6782 
245 1 0 |a Daňové priznania k miestnym daniam  |c Mária Vargová, Radka Hečková 
300 |b Tab. 
650 0 7 |a miestne dane  |2 snkbucl  |9 446513 
650 0 7 |a daňové priznanie  |2 snkbucl  |9 70980 
773 0 |t Daňový a účtovný poradca podnikateľa  |g Č. 2-3 (2007), s. 84-115  |x 1335-0897 
852 |a SNK  |b KIS3GCP 
999 |c 1752814  |d 1754744